| 000 | 01137nas a2200349 4500 | ||
|---|---|---|---|
| 001 | BR2012009046 | ||
| 003 | BR-BrBNA | ||
| 005 | 20231205121556.0 | ||
| 007 | ta | ||
| 008 | 230509b bl.|||p| |||| 00| 00por d | ||
| 040 |
_aBR-BrBNA _bpor _cBiblioteca Nacional de Agricultura |
||
| 041 | _a(En) | ||
| 072 | _aL73 | ||
| 100 | 1 | _aSilva, R.C. da | |
| 100 | 1 | _aLima, V.Y. de | |
| 100 | 1 | _aTanaka, E.M. | |
| 100 | 1 | _aSilva, A.V. da | |
| 100 | 1 | _aSouza, L.C. de | |
| 100 | 1 | _aLangoni, H. | |
| 245 | 1 | _aRisk factors and presence of antibodies to Toxoplasma gondii in dogs from the coast of São Paulo state, Brazil | |
| 246 | 1 | _aRisk factors and presence of antibodies to Toxoplasma gondii in dogs from the coast of São Paulo state, Brazil | |
| 650 | _aCÃO | ||
| 650 | _aDOENÇA ANIMAL | ||
| 650 | _aTOXOPLASMOSE | ||
| 650 | _aTOXOPLASMA GONDII | ||
| 650 | _aANTICORPO | ||
| 650 | _aSAÚDE PÚBLICA | ||
| 650 | _aSÃO PAULO | ||
| 773 | 0 |
_tPesquisa Veterinária Brasileira (Brazil) _xISSN 0100-736X _g(Feb 2010), v. 30(2) p. 161-166 _wBR2012009046 |
|
| 909 |
_a202311 _bLúcia _c55 _dLúcia Elande |
||
| 942 |
_2AGRIS _n0 _cANA |
||
| 999 |
_c224199 _d224199 |
||